| 000 | 00502nam a2200157 a 4500 | ||
|---|---|---|---|
| 001 | 000044709 | ||
| 005 | 20201002045552.0 | ||
| 008 | 150107s2004 dr a 000 0 spa d | ||
| 040 |
_aDO-SdBNP _bspa _cBNPHU |
||
| 082 |
_axxxxxx _bxxxxxx |
||
| 100 | 1 |
_aBeca, Ricardo _972708 |
|
| 245 | 1 | 0 |
_aCívica y Ética para jovenes y Asociados / _cRicardo Beca ; prólogo Nomec Ued Otrem. |
| 260 |
_a[s. l.], : _b[s. n.], _c[s. f.]. |
||
| 300 |
_a115 p. : _bil. ; _c21 cm. |
||
| 700 | 1 |
_aUed Otrem, Momec, _epról. _972709 |
|
| 999 |
_c44198 _d44198 |
||